[Event "Oberbayern Bezirksliga 1718"]
[Site "Germany"]
[Date "2018.03.18"]
[Round "8.6"]
[White "Hecker, Peter"]
[Black "Baier, Herbert"]
[Result "1-0"]
[WhiteElo "1946"]
[BlackElo "1919"]
[PlyCount "49"]
[EventDate "2017.10.22"]
[EventType "team-tourn"]
[EventRounds "9"]
[EventCountry "GER"]
[SourceTitle "EXT 2019"]
[Source "ChessBase"]
[SourceDate "2018.10.10"]
[SourceVersion "1"]
[SourceVersionDate "2018.10.10"]
[SourceQuality "1"]
[WhiteTeam "Waldkraiburg"]
[BlackTeam "Fuerstenfeldbruck"]
[WhiteTeamCountry "GER"]
[BlackTeamCountry "GER"]

1. d4 f5 2. c4 Nf6 3. Nc3 g6 4. Bg5 Bg7 5. Bxf6 Bxf6 6. e4 fxe4 7. Nxe4 d5 8. Nxf6+ exf6 9. Qe2+ Kf7 10. 0-0-0 Re8 11. Qd2 Kg7 12. h4 h5 13. f3 dxc4 14. Bxc4 Qe7 15. Ne2 Qe3 16. Nc3 Qxd2+ 17. Kxd2 c6 18. Rhe1 Rd8 19. Re7+ Kh6 20. Kc1 Nd7 21. Ne4 Rf8 22. Nd6 Nb6 23. Nf7+ Kg7 24. Ng5+ Kh8 25. Rh7# 1-0

[Event "Oberbayern Bezirksliga 1718"]
[Site "Germany"]
[Date "2017.11.12"]
[Round "2.6"]
[White "Stang, Wolfgang"]
[Black "Hecker, Peter"]
[Result "0-1"]
[WhiteElo "1814"]
[BlackElo "1946"]
[PlyCount "56"]
[EventDate "2017.10.22"]
[EventType "team-tourn"]
[EventRounds "9"]
[EventCountry "GER"]
[SourceTitle "EXT 2019"]
[Source "ChessBase"]
[SourceDate "2018.10.10"]
[SourceVersion "1"]
[SourceVersionDate "2018.10.10"]
[SourceQuality "1"]
[WhiteTeam "Dorfen"]
[BlackTeam "Waldkraiburg"]
[WhiteTeamCountry "GER"]
[BlackTeamCountry "GER"]

1. d4 e6 2. c4 Nf6 3. Nc3 d5 4. Bg5 Be7 5. e3 0-0 6. cxd5 exd5 7. Bd3 Be6 8. Nge2 Nbd7 9. Nf4 c5 10. 0-0 Rc8 11. Rc1 c4 12. Bb1 h6 13. Nxe6 fxe6 14. Bf4 Qe8 15. Nb5 Rc6 16. Qe2 a6 17. Nc3 b5 18. a3 Bd6 19. Bxd6 Rxd6 20. f4 Rb6 21. e4 dxe4 22. Bxe4 Nxe4 23. Nxe4 Qg6 24. Rc3 Nf6 25. Nc5 Qf7 26. Re3 Nd5 27. Rxe6 Nxf4 28. Qe4 Nh3+ 0-1

[Event "Regionalliga SO 1213"]
[Site "Bayern"]
[Date "2013.04.14"]
[Round "9.8"]
[White "Winterholler, Christina"]
[Black "Hecker, Peter"]
[Result "1-0"]
[WhiteElo "1928"]
[BlackElo "1847"]
[PlyCount "83"]
[EventDate "2012.10.14"]
[EventType "team-tourn"]
[EventRounds "9"]
[EventCountry "GER"]
[SourceTitle "EXT 2015"]
[Source "ChessBase"]
[SourceDate "2014.11.20"]
[SourceVersion "1"]
[SourceVersionDate "2014.11.20"]
[SourceQuality "1"]
[WhiteTeam "Ingolstadt II"]
[BlackTeam "Waldkraiburg"]
[WhiteTeamCountry "GER"]
[BlackTeamCountry "GER"]

1. e4 c6 2. Nc3 g6 3. Nf3 Bg7 4. d4 d6 5. h3 Nd7 6. Bc4 b5 7. Bxf7+ Kxf7 8. Ng5+ Ke8 9. Ne6 Qb6 10. Nxg7+ Kf7 11. Nh5 gxh5 12. Qxh5+ Kf8 13. Be3 Qc7 14. 0-0 Ndf6 15. Qh4 Be6 16. d5 Bf7 17. a3 cxd5 18. Nxb5 Qc4 19. Bh6+ Nxh6 20. Qxh6+ Kg8 21. Nxd6 exd6 22. Qxf6 dxe4 23. Qxd6 Qe6 24. Qd4 Bg6 25. Rad1 h5 26. Rfe1 Rh7 27. f3 Qb6 28. Qxb6 axb6 29. Rd6 Rg7 30. fxe4 Re8 31. Rxb6 Bxe4 32. Re2 Bc6 33. Rxe8+ Bxe8 34. c3 Rd7 35. Kh2 Rd2 36. Kg3 Bf7 37. Rb8+ Kg7 38. Rb7 Kf6 39. Rb6+ Kf5 40. Rb4 Bd5 41. Rb5 Rxg2+ 42. Kh4 1-0

[Event "Regionalliga SO 1011"]
[Site "Bayern"]
[Date "2011.01.16"]
[Round "5.7"]
[White "Grabmeier, Johannes"]
[Black "Hecker, Peter"]
[Result "0-1"]
[WhiteElo "1846"]
[BlackElo "1933"]
[PlyCount "72"]
[EventDate "2010.10.10"]
[EventType "team-tourn"]
[EventRounds "9"]
[EventCountry "GER"]
[SourceTitle "EXT 2012"]
[Source "ChessBase"]
[SourceDate "2011.11.24"]
[SourceVersion "1"]
[SourceVersionDate "2011.11.24"]
[SourceQuality "1"]
[WhiteTeam "Deggendorf"]
[BlackTeam "Waldkraiburg"]
[WhiteTeamCountry "GER"]
[BlackTeamCountry "GER"]

1. f4 d5 2. Nf3 g6 3. g3 Bg7 4. Bg2 Nf6 5. 0-0 0-0 6. d3 c6 7. h3 Qb6+ 8. Kh2 d4 9. c4 a5 10. Na3 Na6 11. Nc2 Rd8 12. Rb1 Nb4 13. a3 Nxc2 14. Qxc2 a4 15. b3 axb3 16. Rxb3 Qc5 17. Ne5 Nd5 18. Bxd5 Rxd5 19. e4 Rd8 20. Bd2 Qd6 21. Nf3 Qd7 22. Ng1 c5 23. Qb2 Qc7 24. Bc1 Rd6 25. Qf2 Rb6 26. Rxb6 Qxb6 27. f5 gxf5 28. g4 Qc7+ 29. Kh1 e6 30. gxf5 exf5 31. Bf4 Qc6 32. Bc1 b6 33. Nf3 fxe4 34. Ne5 e3+ 35. Nxc6 exf2 36. Rxf2 Bb7 0-1

[Event "Regionalliga SO 1011"]
[Site "Bayern"]
[Date "2010.11.14"]
[Round "3.7"]
[White "Baier, Herbert"]
[Black "Hecker, Peter"]
[Result "1/2-1/2"]
[WhiteElo "1968"]
[BlackElo "1933"]
[PlyCount "103"]
[EventDate "2010.10.10"]
[EventType "team-tourn"]
[EventRounds "9"]
[EventCountry "GER"]
[SourceTitle "EXT 2012"]
[Source "ChessBase"]
[SourceDate "2011.11.24"]
[SourceVersion "1"]
[SourceVersionDate "2011.11.24"]
[SourceQuality "1"]
[WhiteTeam "Ilmmuenster"]
[BlackTeam "Waldkraiburg"]
[WhiteTeamCountry "GER"]
[BlackTeamCountry "GER"]

1. e4 c6 2. d4 d5 3. e5 Bf5 4. Nf3 e6 5. Be2 Nd7 6. 0-0 c5 7. c3 a6 8. Be3 cxd4 9. cxd4 Ne7 10. Nc3 Nc6 11. a3 Be7 12. Rc1 0-0 13. Ne1 Rc8 14. g4 Bg6 15. f4 f6 16. f5 Bf7 17. fxe6 Bxe6 18. exf6 Bxf6 19. Bf3 Nb6 20. b3 Qe7 21. Ng2 Bg5 22. Qd2 Bxe3+ 23. Qxe3 Qd6 24. b4 Nc4 25. Qxe6+ Qxe6 26. Bxd5 Rxf1+ 27. Rxf1 Nxd4 28. Bxe6+ Nxe6 29. Nd5 Re8 30. a4 Nb2 31. a5 Nd4 32. Nge3 h6 33. Kg2 Nc6 34. Rb1 Nd3 35. b5 Nxa5 36. bxa6 bxa6 37. Ra1 Nc6 38. Rxa6 Nce5 39. h3 Nf7 40. Ra7 Nf4+ 41. Nxf4 Rxe3 42. Nd5 Re2+ 43. Kf3 Rb2 44. h4 g6 45. Nf6+ Kg7 46. g5 hxg5 47. hxg5 Rb3+ 48. Kf4 Rb4+ 49. Kf3 Rb3+ 50. Kf4 Rb4+ 51. Kf3 Rb3+ 52. Kf4 1/2-1/2

[Event "Regionalliga SO 1011"]
[Site "Bayern"]
[Date "2010.10.24"]
[Round "2.7"]
[White "Hecker, Peter"]
[Black "Meier, Desiderius"]
[Result "1/2-1/2"]
[WhiteElo "1933"]
[BlackElo "1956"]
[PlyCount "102"]
[EventDate "2010.10.10"]
[EventType "team-tourn"]
[EventRounds "9"]
[EventCountry "GER"]
[SourceTitle "EXT 2012"]
[Source "ChessBase"]
[SourceDate "2011.11.24"]
[SourceVersion "1"]
[SourceVersionDate "2011.11.24"]
[SourceQuality "1"]
[WhiteTeam "Waldkraiburg"]
[BlackTeam "Graefelfing"]
[WhiteTeamCountry "GER"]
[BlackTeamCountry "GER"]

1. d4 Nf6 2. Nf3 b6 3. e3 e6 4. Be2 Bb7 5. 0-0 Be7 6. c4 Ne4 7. Nbd2 f5 8. Ne5 0-0 9. f3 Nxd2 10. Bxd2 d6 11. Nd3 Nd7 12. Nf4 Rf6 13. Qc2 g5 14. Nh3 Rf7 15. e4 f4 16. Bc3 Bf6 17. Rad1 Qe7 18. Nf2 h5 19. Nd3 e5 20. dxe5 Bxe5 21. Bxe5 Nxe5 22. Nxe5 Qxe5 23. c5 Kh8 24. c6 Bc8 25. Rd5 Qg7 26. Bc4 Be6 27. Rd2 Re8 28. Bxe6 Rxe6 29. Rd5 Rfe7 30. Rfd1 Re5 31. Rxe5 Qxe5 32. Rd5 Qf6 33. h4 Re5 34. hxg5 Rxg5 35. Rxg5 Qxg5 36. Qc4 Kg7 37. Qe6 Qc5+ 38. Kh2 Qxc6 39. Qe7+ Kg6 40. Qe6+ Kg7 41. e5 Qb5 42. Qf6+ Kh7 43. Qf7+ Kh8 44. Qxh5+ Kg7 45. Qg5+ Kh7 46. Qf5+ Kg7 47. Qf6+ Kh7 48. Qf7+ Kh8 49. Qf6+ Kh7 50. Qh4+ Kg7 51. Qf6+ Kh7 1/2-1/2

[Event "Regionalliga SO 0809"]
[Site "Bayern"]
[Date "2008.12.14"]
[Round "4.8"]
[White "Hecker, Peter"]
[Black "Kraft, Dieter"]
[Result "1-0"]
[WhiteElo "1807"]
[BlackElo "1783"]
[PlyCount "79"]
[EventDate "2008.10.05"]
[EventType "team-tourn"]
[EventRounds "9"]
[EventCountry "GER"]
[SourceTitle "EXT 2020"]
[Source "ChessBase"]
[SourceDate "2019.10.17"]
[SourceVersion "1"]
[SourceVersionDate "2019.10.17"]
[SourceQuality "1"]
[WhiteTeam "Waldkraiburg"]
[BlackTeam "Starnberg"]
[WhiteTeamCountry "GER"]
[BlackTeamCountry "GER"]

1. d4 Nf6 2. c4 g6 3. Nc3 Bg7 4. e4 d6 5. Nf3 0-0 6. Be2 e5 7. d5 Nbd7 8. 0-0 Nh5 9. g3 f5 10. Nh4 Nf4 11. Bf3 Nc5 12. exf5 gxf5 13. Bxf4 exf4 14. Ng2 fxg3 15. fxg3 Be5 16. Qd2 Bd7 17. Rae1 Qf6 18. Bd1 Rae8 19. Kh1 Qg7 20. Nf4 Kh8 21. Nh5 Qg6 22. b4 Ne4 23. Nxe4 fxe4 24. Qe3 b6 25. Nf4 Qg7 26. Bh5 Re7 27. Qxe4 Bf6 28. Qd3 Rxe1 29. Rxe1 Be5 30. Ne6 Bxe6 31. dxe6 Qf6 32. Bf7 Rxf7 33. exf7 Qxf7 34. Rf1 Qe6 35. Qf3 Qe7 36. Qf8+ Qxf8 37. Rxf8+ Kg7 38. Rc8 Kf6 39. Rxc7 d5 40. Rc6+ 1-0